Direct to IELTS. (Record no. 18294)

MARC details
000 -LEADER
fixed length control field 01839cam a22003975i 4500
003 - CONTROL NUMBER IDENTIFIER
control field EG-ScBUE
005 - DATE AND TIME OF LATEST TRANSACTION
control field 20200106135119.0
006 - FIXED-LENGTH DATA ELEMENTS--ADDITIONAL MATERIAL CHARACTERISTICS--GENERAL INFORMATION
fixed length control field m||||fq||z 00| 0
008 - FIXED-LENGTH DATA ELEMENTS--GENERAL INFORMATION
fixed length control field 140612s2013 enka f 000 0 eng d
020 ## - INTERNATIONAL STANDARD BOOK NUMBER
International Standard Book Number 9780230439931 (Student's book with key and website access code)
020 ## - INTERNATIONAL STANDARD BOOK NUMBER
International Standard Book Number 9780230439948 (+ key)
040 ## - CATALOGING SOURCE
Original cataloging agency EG-ScBUE
Language of cataloging eng
Description conventions rda
Transcribing agency EG-ScBUE
Modifying agency EG-ScBUE
082 04 - DEWEY DECIMAL CLASSIFICATION NUMBER
Classification number 428.24076
Item number MCC
Edition number 22
100 1# - MAIN ENTRY--PERSONAL NAME
Personal name McCarter, Sam,
Relator term author.
9 (RLIN) 19942
245 10 - TITLE STATEMENT
Title Direct to IELTS.
Name of part/section of a work Student's book :
Remainder of title with key /
Statement of responsibility, etc Sam McCarter.
264 #1 - PUBLICATION, DISTRIBUTION, ETC. (IMPRINT)
Place of publication, distribution, etc London :
Name of publisher, distributor, etc Macmillan Education,
Date of publication, distribution, etc 2013.
300 ## - PHYSICAL DESCRIPTION
Extent 151 pages :
Other physical details illustrations (color) ;
Dimensions 28 cm.
336 ## - CONTENT TYPE
Content type term text
Content type code txt
Source rdacontent
336 ## - CONTENT TYPE
Content type term spoken word
Content type code spw
Source rdacontent
337 ## - MEDIA TYPE
Media type term unmediated
Media type code n
Source rdamedia
337 ## - MEDIA TYPE
Media type term audio
Media type code s
Source rdamedia
338 ## - CARRIER TYPE
Carrier type term volume
Carrier type code nc
Source rdacarrier
338 ## - CARRIER TYPE
Carrier type term audio disc
Carrier type code sd
Source rdacarrier
490 0# - SERIES STATEMENT
Series statement Macmillan exams
500 ## - GENERAL NOTE
General note "With four online practices tests"-- cover page.
501 ## - WITH NOTE
With note with: Class audio CD.
520 ## - SUMMARY, ETC.
Summary, etc Direct to IELTS is a concise and practical course combining print and online materials to prepare students efficiently for all formats of the IELTS exam. The accompanying website contains four computer-based practice tests and downloadable workbook-style material, accessed through a unique code found at the back of the Student's Book.<br/>
650 #7 - SUBJECT ADDED ENTRY--TOPICAL TERM
Topical term or geographic name as entry element International English Language Testing System.
Source of heading or term BUEsh
9 (RLIN) 13550
650 #7 - SUBJECT ADDED ENTRY--TOPICAL TERM
Topical term or geographic name as entry element English language
Form subdivision Textbooks for foreign speakers.
Source of heading or term BUEsh
650 #7 - SUBJECT ADDED ENTRY--TOPICAL TERM
Topical term or geographic name as entry element English language
Form subdivision Problems, exercises, etc.
Source of heading or term BUEsh
650 #7 - SUBJECT ADDED ENTRY--TOPICAL TERM
Topical term or geographic name as entry element English language
General subdivision Study and teaching
-- Foreign speakers.
Source of heading or term BUEsh
651 ## - SUBJECT ADDED ENTRY--GEOGRAPHIC NAME
Source of heading or term BUEsh
653 ## - INDEX TERM--UNCONTROLLED
Resource For college Humanities: English
Arrived date list June2014
-- July2019
856 42 - ELECTRONIC LOCATION AND ACCESS
Materials specified online practice tests
Uniform Resource Identifier <a href="https://www.macmillaneducationeverywhere.com/">https://www.macmillaneducationeverywhere.com/</a>
942 ## - ADDED ENTRY ELEMENTS (KOHA)
Source of classification or shelving scheme Dewey Decimal Classification
Koha item type Book - Borrowing
Holdings
Withdrawn status Lost status Source of classification or shelving scheme Damaged status Not for loan Collection code Home library Current library Shelving location Date acquired Source of acquisition Cost, normal purchase price Serial Enumeration / chronology Total Checkouts Total Renewals Full call number Barcode Date last seen Date checked out Cost, replacement price Koha item type Price effective from
    Dewey Decimal Classification     Baccah Central Library Central Library Second Floor 12/06/2014 Purchase 360.00 19833 5 1 428.24076 MCC 000035978 15/07/2025 04/03/2024 450.00 Book - Borrowing  
    Dewey Decimal Classification     Baccah Central Library Central Library Second Floor 05/08/2014 Purchase     1   428.24076 MCC 000035989 24/08/2022 13/10/2014   CD | DVD - (NB) 05/08/2014